Phương pháp Osterbergn đánh giá sức chịu tải của cọc khoan nhồi - barrette

保存先:
書誌詳細
第一著者: Nguyễn, Hữu Đẩu
フォーマット: 図書
言語:Undetermined
出版事項: Hà Nội Xây dựng 2004
主題:
タグ: タグ追加
タグなし, このレコードへの初めてのタグを付けませんか!
Thư viện lưu trữ: Trung tâm Học liệu Trường Đại học Cần Thơ
LEADER 00639nam a2200193Ia 4500
001 CTU_97311
008 210402s9999 xx 000 0 und d
020 |c 25000 
082 |a 624.15 
082 |b Đ125 
100 |a Nguyễn, Hữu Đẩu 
245 0 |a Phương pháp Osterbergn đánh giá sức chịu tải của cọc khoan nhồi - barrette 
245 0 |c Nguyễn Hữu Đẩu, Phan Hiệp 
260 |a Hà Nội 
260 |b Xây dựng 
260 |c 2004 
650 |a Pile foundations,Underground engineering 
904 |i Minh(Tuyen) 
980 |a Trung tâm Học liệu Trường Đại học Cần Thơ